| 000 | 00523nam a2200169 i 4500 | ||
|---|---|---|---|
| 001 | 51970 | ||
| 003 | ES-MaACL | ||
| 007 | t| | ||
| 008 | 030821s1968 sp ||||1| spa d | ||
| 100 | 1 |
_aChilde, V. Gordon. _938514 |
|
| 245 | 1 | 4 |
_alos orígenes de la sociedad europea / _cV. Gordon Childe ; [traducción, Mª Rosa de Madariaga]. |
| 250 | _a[1ª ed.]. | ||
| 260 |
_aMadrid : _bCiencia Nueva, _c[1968] |
||
| 300 |
_a204 p. ; _c22 cm. |
||
| 700 | 1 |
_aMadariaga, María Rosa de. _975290 |
|
| 852 |
_aES-MaACL _jG-6721 _bR.65917 |
||
| 999 |
_c51970 _d51970 |
||